Recherches sur la reproduction et la mortalité de l'homme aux différens ages (Record no. 183583)

MARC details
000 -LEADER
campo de control de longitud fija 00719nam a2200181 i 4500
001 - NÚMERO DE CONTROL
campo de control 183583
003 - IDENTIFICADOR DE NÚMERO DE CONTROL
campo de control ES-MaACL
005 - FECHA Y HORA DE LA ÚLTIMA TRANSACCIÓN
campo de control 20260201063019.0
008 - DATOS DE LONGITUD FIJA--INFORMACIÓN GENERAL
campo de control de longitud fija 140724s1832 be |||| | spa d
100 1# - ENTRADA PRINCIPAL--NOMBRE DE PERSONA
Nombre de persona Quételet, Adolphe,
Fechas asociadas al nombre 1796-1874
9 (RLIN) 155074
245 10 - MENCIÓN DEL TÍTULO
Título Recherches sur la reproduction et la mortalité de l'homme aux différens ages
Resto del título : et sur la population de la Belgique /
Mención de responsabilidad, etc. par A. Quetelet et Éd. Smits.
260 ## - PUBLICACIÓN, DISTRIBUCIÓN, ETC.
Lugar de publicación, distribución, etc. Bruxelles :
Nombre del editor, distribuidor, etc. L. Hauman,
Fecha de publicación, distribución, etc. 1832.
300 ## - DESCRIPCIÓN FÍSICA
Extensión 150 p., [1] h. pleg. ;
Dimensiones 20 cm.
651 #4 - PUNTO DE ACCESO ADICIONAL DE MATERIA--NOMBRE GEOGRÁFICO
Nombre geográfico Bélgica-
Subdivisión general Población-
Subdivisión de forma Estadísticas.
9 (RLIN) 155075
700 1# - ENTRADA AGREGADA--NOMBRE PERSONAL
Nombre de persona Smits, Edouard (
Fechas asociadas al nombre 1789-1852)
9 (RLIN) 155076
852 ## - LOCALIZACIÓN
Ubicación ES-MaACL
Número de control de estantería R-1363(1)
Nota libre .- Donat. Mateo Seoane
Holdings
Estatus retirado Estado de pérdida Estado de daño No para préstamo Colección Biblioteca de origen Biblioteca actual Ubicación en estantería Fecha de adquisición Fuente de adquisición Total de préstamos Signatura topográfica completa Código de barras Visto por última vez Precio de reemplazo Tipo de ítem Koha
        Libros del s. XIX Biblioteca del Ateneo de Madrid Biblioteca del Ateneo de Madrid Depósito 24/07/2014     R-1360-71(1) 1192965 23/02/2023 23/02/2023 Libro impreso antiguo